Relations between characteristics of longitudinal unevenness of roads: erratum and amendments

Bibliographic Details
Main Authors: Kropáč, Oldřich (Author), Múčka, Peter, 1971- (Author)
Format: Article
Language:Slovak
English
Subjects:

MARC

LEADER 00000nab a2200000 a 4500
001 vtls000856946
003 SK-MaSNL
005 20260304112622.0
008 250429c2003 xo 0 slo
015 |a SNBRB2003/12-36438 
035 |a CLN000208601 
035 |a urn:nbn:sk:snk-abbwzf 
035 |a (urnnbn)urn:nbn:sk:snk:ar-a09vcm 
035 |a (uuid)60adecec-bdff-4d59-9e8a-38407aecd049 
040 |a SNKBUCL  |b slo  |c SNKBUCL  |e AACR2 
041 0 |a eng 
044 |a xo  |c SK 
080 |a 625.7.04:531.717  |2 1997 
080 |a 531.717  |2 1997 
100 1 |a Kropáč, Oldřich  |4 aut  |9 523209 
245 1 0 |a Relations between characteristics of longitudinal unevenness of roads: erratum and amendments  |c Oldřich Kropáč, Peter Múčka 
300 |b Grafy, tab. 
504 |a Res. angl. 
504 |a Bibliogr. odkazy 
650 0 7 |a vozovky  |x nerovnosť pozdĺžna  |2 snkbucl  |9 1414710 
650 0 7 |a nerovnosť cestná pozdĺžna  |2 snkbucl  |9 1392785 
655 7 |a články z novín a časopisov  |2 snkbucl  |9 267496 
700 1 |a Múčka, Peter,  |d 1971-  |4 aut  |9 154722 
773 0 |t Strojnícky časopis  |g Roč. 54, č. 3 (2003), s. 188-194  |x 0039-2472 
850 |a Slovenská národná knižnica 
852 |a Slovenská národná knižnica 
958 |a article15 
958 |a OND 
958 |a NB 
958 |a EUIPO 
992 |a RBX 
999 |c 2866521  |d 2868451